Riconosci la Squadra di calcio - Quiz n°55 - Statistics

Statistiche generali
  • Questo quiz è stato fatto 16 volte
  • Il punteggio medio è 8 su 9
Statistiche sulle risposte
Indizio Risposta % Corretto
Titoli nazionali 9 Titoli di Francia
100%
Colori sociali Bianco, azzurro
100%
Confederazione UEFA
86%
Trofei nazionali 10 Coppe di Francia
3 Coppe di Lega francese
1 Coppe Charles Drago
3 Supercoppe di Francia
79%
Fondazione 1899
79%
Trofei internazionali 1 Coppe dei Campioni/Champions League 1 Coppa Intertoto UEFA
79%
Capienza Stadio 67 354 posti
79%
Divisione nazionale 2023-2024 Prima
79%
Squadra Olympique Marsiglia
71%
Nessun quiz corrispondente trovato
Distribuzione punteggi
Percentuale di utenti per punteggio
Percentile per numero di risposta
I tuoi punteggi nel tempo
Non hai fatto questo quiz